| 000 | 00647nam a2200217Ia 4500 | ||
|---|---|---|---|
| 999 |
_c3980 _d3980 |
||
| 020 | _a0-415-31486-0 | ||
| 082 | _a297.0882971 SIK-M | ||
| 100 | _aSikand, Yoginde; | ||
| 245 | 0 | _aMuslims in India since 1947: islamic perspectives on inter-faith relati | |
| 260 |
_aLondon _bRoutledgeCurzon _c2004 |
||
| 300 | _ax, 274 | ||
| 440 | _aRoyal Asiatic Society Books | ||
| 504 | _aincludes bibliography, index and glossary | ||
| 650 | _aMuslims - India - 1947 | ||
| 650 | _aIslam - India - 20th century | ||
| 650 | _aDalits | ||
| 650 | _aMuslims in India | ||
| 650 | _aAll India Backward Muslim Morcha (AIBMM) | ||
| 650 | _aAIBMM | ||
| 942 | _cBK | ||